Los partidos politicos (Registro nro. 5559)

Detalles MARC
000 -LEADER
fixed length control field 00972 a2200229 4500
001 - CONTROL NUMBER
control field 54402
005 - DATE AND TIME OF LATEST TRANSACTION
control field 20260407155817.0
008 - FIXED-LENGTH DATA ELEMENTS--GENERAL INFORMATION
fixed length control field 260407a1957 arg spa d
003 - CONTROL NUMBER IDENTIFIER
control field AR-UNSa-BCEJYS
040 ## - CATALOGING SOURCE
Original cataloging agency AR-UNSa-BCEJYS
Language of cataloging spa
Transcribing agency AR-UNSa-BCEJYS
080 ## - UNIVERSAL DECIMAL CLASSIFICATION NUMBER
Universal Decimal Classification number 321
Common auxiliary subdivision Formas de la organización política. Los estados como poderes políticos
020 ## - INTERNATIONAL STANDARD BOOK NUMBER
International Standard Book Number 968-16-0286-2
100 1# - MAIN ENTRY--PERSONAL NAME
Personal name Duverger, Maurice
245 10 - TITLE STATEMENT
Title Los partidos politicos
264 #1 - PRODUCTION, PUBLICATION, DISTRIBUTION, MANUFACTURE, AND COPYRIGHT NOTICE
Place of production, publication, distribution, manufacture México :
Name of producer, publisher, distributor, manufacturer Fondo de Cultura Económica
Date of production, publication, distribution, manufacture, or copyright notice 1957
300 ## - PHYSICAL DESCRIPTION
Extent 459 p.
Dimensions 21 cm.
505 ## - FORMATTED CONTENTS NOTE
Formatted contents note Primera parte: La estructura de los partidos - I. La armazón de los partidos - II. Los miembros de los partidos - III. La dirección de los partidos - Segunda parte: Los sistemas de partidos - I. El número de los partidos - II. Dimensiones y alianza - III. Partidos y regímenes políticos
590 ## - LOCAL NOTE (RLIN)
Local note niveau_biblio:m niveau_hierar:0
700 1# - ADDED ENTRY--PERSONAL NAME
Personal name Campos, Julieta
700 1# - ADDED ENTRY--PERSONAL NAME
Personal name González Pedrero, Enrique
942 ## - ADDED ENTRY ELEMENTS (KOHA)
Koha item type
Existencias
Withdrawn status Lost status Damaged status Not for loan Home library Current library Shelving location Date acquired Total checkouts Full call number Barcode Date last seen Price effective from Koha item type
        Biblioteca Prof. Eusebio Cleto del Rey Biblioteca Prof. Eusebio Cleto del Rey   07/04/2026   321 D985 L53612 07/04/2026 07/04/2026 Libro
        Biblioteca Prof. Eusebio Cleto del Rey Biblioteca Prof. Eusebio Cleto del Rey   07/04/2026   321 D985 L45730 07/04/2026 07/04/2026 Libro